<?xml version="1.0" encoding="UTF-8"?>
<collection xmlns="http://www.loc.gov/MARC21/slim">
<record>
  <controlfield tag="001">161740</controlfield>
  <controlfield tag="005">20250623163006.0</controlfield>
  <datafield tag="037" ind1=" " ind2=" ">
    <subfield code="a">TESIS-2025-179</subfield>
  </datafield>
  <datafield tag="041" ind1=" " ind2=" ">
    <subfield code="a">spa</subfield>
  </datafield>
  <datafield tag="100" ind1="1" ind2=" ">
    <subfield code="a">Raga Orti, Esther</subfield>
  </datafield>
  <datafield tag="245" ind1="0" ind2="0">
    <subfield code="a">Reacciones de Complejos de Iridio y Osmio en el Contexto “Cero Emisiones” </subfield>
  </datafield>
  <datafield tag="260" ind1=" " ind2=" ">
    <subfield code="a">Zaragoza</subfield>
    <subfield code="b">Universidad de Zaragoza, Prensas de la Universidad</subfield>
    <subfield code="c">2025</subfield>
  </datafield>
  <datafield tag="300" ind1=" " ind2=" ">
    <subfield code="a">288</subfield>
  </datafield>
  <datafield tag="490" ind1="0" ind2=" ">
    <subfield code="a">Tesis de la Universidad de Zaragoza</subfield>
    <subfield code="x">2254-7606</subfield>
    <subfield code="v">2025-178</subfield>
  </datafield>
  <datafield tag="500" ind1=" " ind2=" ">
    <subfield code="a">Presentado:  14 03 2025</subfield>
  </datafield>
  <datafield tag="502" ind1=" " ind2=" ">
    <subfield code="a">Tesis-Univ. Zaragoza,  , 2025</subfield>
    <subfield code="b">Zaragoza, Universidad de Zaragoza</subfield>
    <subfield code="c">2025</subfield>
  </datafield>
  <datafield tag="520" ind1=" " ind2=" ">
    <subfield code="a">Esta tesis se contextualiza en la búsqueda de un modelo energético más sostenible. La tecnología OLED permite disminuir el consumo de energía eléctrica de pantallas de visualización y fuentes de iluminación. En esta línea, hemos desarrollado estrategias sintéticas para preparar emisores fosforescentes de iridio(III). Las adiciones anti de los enlaces O-H de un dímero [Ir(mu-OH)(3b)2]2 al triple enlace C-C de alquinos, sustituidos con un grupo carboxilato, y al doble enlace C=C de cetonas a,ß-insaturadas generan grupos acetilacetonato asimétricos, que actúan como el ligando 3b` en emisores [3b+3b+3b`]. Adicionalmente, se ha utilizado un procedimiento de transmetalación para coordinar el ligando 1,3-di(2-piridil)fenilo a iridio(III), de modo pincer, siendo la especie resultante un nuevo precursor sintético de emisores [4t+5t`]. Los complejos polihidruro de metales de transición son herramientas prometedoras para desarrollar la economía del hidrógeno. En este ámbito, hemos descubierto las reacciones de metátesis entre los enlaces sigma E-C(spn) (E = Si, Ge; n = 2, 3) y H-C(sp3), en la esfera de coordinación del ion d2 del complejo de osmio OsH6(PiPr3)2, que han dado lugar a compuestos tetrahidruro estabilizados por ligandos quelato, fosfinosilano y fosfinogermano. Uno de ellos se ha revelado como un catalizador eficiente en la deshidrogenación del ácido fórmico. La elucidación del mecanismo de la catálisis y su contextualización ha permitido demostrar que la deshidrogenación se acelera en presencia de ácidos débiles, siendo el propio ácido fórmico el acelerante cuando en el medio no existe otro centro ácido.   &lt;br /></subfield>
  </datafield>
  <datafield tag="506" ind1=" " ind2=" ">
    <subfield code="a">by-nc</subfield>
    <subfield code="b">Creative Commons</subfield>
    <subfield code="c">3.0</subfield>
    <subfield code="u">http://creativecommons.org/licenses/by-nc/3.0/es</subfield>
  </datafield>
  <datafield tag="520" ind1=" " ind2=" ">
    <subfield code="a">&lt;br /></subfield>
  </datafield>
  <datafield tag="521" ind1=" " ind2=" ">
    <subfield code="9">7081</subfield>
    <subfield code="a">Programa de Doctorado en Química Inorgánica</subfield>
  </datafield>
  <datafield tag="653" ind1="1" ind2=" ">
    <subfield code="a">quimica inorganica</subfield>
  </datafield>
  <datafield tag="700" ind1=" " ind2=" ">
    <subfield code="a">Esteruelas Rodrigo, Miguel Ángel </subfield>
    <subfield code="e">dir.</subfield>
  </datafield>
  <datafield tag="700" ind1=" " ind2=" ">
    <subfield code="a">López de Lama, Ana Margarita </subfield>
    <subfield code="e">dir.</subfield>
  </datafield>
  <datafield tag="710" ind1="2" ind2=" ">
    <subfield code="a">Universidad de Zaragoza</subfield>
    <subfield code="b"> </subfield>
  </datafield>
  <datafield tag="830" ind1=" " ind2=" ">
    <subfield code="9">493</subfield>
  </datafield>
  <datafield tag="856" ind1="0" ind2=" ">
    <subfield code="f">cdeurop@unizar.es</subfield>
  </datafield>
  <datafield tag="856" ind1="4" ind2=" ">
    <subfield code="u">http://zaguan.unizar.es/record/161740/files/TESIS-2025-179.pdf</subfield>
    <subfield code="z">Texto completo (spa)</subfield>
  </datafield>
  <datafield tag="909" ind1="C" ind2="O">
    <subfield code="o">oai:zaguan.unizar.es:161740</subfield>
    <subfield code="p">driver</subfield>
    <subfield code="p">tesis</subfield>
  </datafield>
  <datafield tag="910" ind1="2" ind2=" ">
    <subfield code="a">Ciencias</subfield>
    <subfield code="b"> </subfield>
  </datafield>
  <datafield tag="691" ind1=" " ind2=" ">
    <subfield code="a">7 12 13</subfield>
  </datafield>
  <datafield tag="692" ind1=" " ind2=" ">
    <subfield code="a">Asegurar el acceso a energías asequibles, fiables, sostenibles y modernas para todos.	 Garantizar las pautas de consumo y de producción sostenibles.	 Tomar medidas urgentes para combatir el cambio climático y sus efectos.</subfield>
  </datafield>
  <datafield tag="540" ind1=" " ind2=" ">
    <subfield code="9">info:eu-repo/semantics/openAccess</subfield>
  </datafield>
  <datafield tag="980" ind1=" " ind2=" ">
    <subfield code="a">TESIS</subfield>
  </datafield>
</record>
</collection>